000 00788nam a22002297a 4500
999 _c8706
_d8706
003 AR-CdUCM
008 190325b ||||| |||| 00| 0 spa d
020 _a978-9972-622-37-3
040 _aMUNICIPALIDAD PROVINCIAL DEL CUSCO
_cBIBLIOTECA MUNICIPAL DEL CUSCO
082 _a658.8 /
_bM42
100 _aMendiola, Alfredo
_924313
245 _aDesarrollo del mercadeo de carbono en el Perú /
260 _aLima :
_bEsan,
_c2008.
300 _a188 páginas ;
_c25 cm.
505 _aContenido : Introducción -- Marco teórico y metodologia -- Calentamiento global y protocolo de Kioto -- Mercado internacional de carbono ...
650 _aMercado
_942
650 _aCarbono
_924314
650 _aPerú
_92178
700 _aFuentes, cesar
_924315
942 _2ddc
_cLIBROS
945 _arah